Statistics for U.S. Cities With the Oldest House Clusters

Click here to take the quiz!

General Stats

  • This quiz has been taken 45 times
  • The average score is 15 of 20

Answers on the Map

Answers color-coded by a green-red scale on the quiz's map according to % correct below.
 

Answer Stats

HintAnswer% Correct
1830Boston
97%
1840New York
97%
1790Philadelphia
97%
1840Buffalo
92%
1790Alexandria (Wash. D.C.)
89%
1810Baltimore
89%
1800Providence
87%
1850Richmond
87%
1820Washington, D.C.
87%
1750Charleston
84%
1820New Orleans
82%
1830Schenectady (Albany)
82%
1850Albany
79%
1840Savannah
76%
1840Portsmouth (Hampton Roads)
68%
1850New Haven
63%
1850Syracuse
55%
1840Wilmington, NC
55%
1850Cincinnati
45%
1850Lancaster
18%

Score Distribution

Percentile by Number Answered

Percent of People with Each Score

Your Score History

You have not taken this quiz